000 00420nam a2200181Ia 4500
001 2059
005 20260306143814.0
008 260306t2009||||xx |||||||||||||| ||spa||
041 _aESP
082 _a611.8
_bS753
100 _aSnell, Richard S.
_eAUT
245 0 _aNeuroanatomía clínica
260 _c2009
300 _axx, 592 páginas :
_c27 cm.
650 _aGEN
654 _aCPS
942 _cLIB
_dJUS
_fJUS
_2ddc
_n
999 _c2059
_d2059